• 首页
  • 本馆介绍
  • 公告通知
  • 最新文献
  • 馆藏检索
  • 电子资源
  • 读者导购
  • 参考咨询
  • 我的图书馆
  • 登录
  • 详细信息显示
  • 放入我的书架
  • 预约/预借图书
  • 作者相关作品
  • 分类相关作品
  • 丛书相关作品
  • 出版社相关作品

书目信息

  • 表格格式
  • 工作单格式
  • 卡片格式
题名:
战争与回忆
    
 
作者: 沃克 , Wouk 著 ;陈良廷 译
分册: 3  
出版信息: 上海   上海译文出版社  1997
页数: 879-1316页
开本: 19cm
丛书名: 世界文学名著普及本
单 册:
中图分类: I712.45 , I712.4
科图分类: 47.6352
主题词: 长篇小说--美国--现代
电子资源:
ISBN: 7-5327-2051-9
000 00854nam2 2200289 45
001 1539952901
005 20150124111027.37
010    @a7-5327-2051-9@dCNY4.10
100    @a19980401d1997 em y0chiy0121 ea
101 1  @achi@ceng
102    @aCN@b310000
105    @ay z 000ay
200 10 @a战争与回忆@Azhan zheng yu hui yi@h3@f(美)赫尔曼·沃克(Herman Wouk)著@g陈良廷等译
210    @a上海@c上海译文出版社@d1997
215    @a879-1316页@d19cm
225 2  @a世界文学名著普及本@e全译本
410  0 @120010@a世界文学名著普及本
510 1  @aWar and remembrance@zeng
606    @a长篇小说@y美国@z现代
690    @aI712.45@v3
690    @aI712.4@v4
692    @a47.6352@v2
701  1 @a沃克@Awo ke@bH.@4著
701 A1 @aWouk@bHerman@4著
702  0 @a陈良廷@Achen liang ting@4译
801  0 @aCN@bTSSF@c20150124
905    @aZUCC@dI712.4@eJY42:3
    
    战争与回忆.3/(美)赫尔曼·沃克(Herman Wouk)著/陈良廷等译.-上海:上海译文出版社,1997
    879-1316页;19cm.-(世界文学名著普及本:全译本)
    
    
    ISBN 7-5327-2051-9:CNY4.10
    
●
相关链接 在E读中查询图书 在五车中查询图书 在当当中查询图书 在豆瓣中查询图书


正题名:战争与回忆     索取号:I712.4/JY42:3         预约/预借

序号 登录号 条形码 馆藏地/架位号 状态 备注
1 7843181   278431813   学院路分馆/ [索取号:I712.4/JY42:3] 在馆    
唐山师范学院图书馆 欢迎您!
大连网信软件有限公司© 版权所有